000 00659nam a2200229Ia 4500
001 7292
003 GE_BSU
008 181216s||||||||xx |||||||||||||| ||und||
040 _cGE_BSU
080 _a691(075.8)
100 _aВоробьев,В.А. Комар,А.Г.
245 _aСтроительные материалы.
245 _bУчебник для вузов.
245 _cРед. М.А.Гузман.
250 _aИзд 2-ое, перераб. и доп.
260 _aМ.
260 _bСтройиздат.
260 _c1976.
300 _a475стр.27см.
653 _aСтроительные материалы.
942 _cBK
999 _c40664
_d40664